Political parties in western democracies

Gardado en:
Detalles Bibliográficos
Autor Principal: Epstein, Leon D (Author)
Formato: Libro
Idioma:inglés
Publicado: New Brunswick Transaction Books 1980
Subjects:
Tags: Engadir etiqueta
Sen Etiquetas, Sexa o primeiro en etiquetar este rexistro!

MARC

LEADER 00000nam a2200000 a 4500
001 UCT8604
003 CL-VaPUC
008 970326e19800000US |||||||||||||||||eng|d
082 0 4 |a 324.21  |b EPS  |2 21 
100 0 |a Epstein, Leon D  |e author  |9 380426 
245 1 0 |a Political parties in western democracies 
300 |a 386 p 
942 |c BK 
945 |d 19970326 00:00:00  |a paguirre 
260 |a New Brunswick  |b Transaction Books  |c 1980 
650 0 |a Partidos políticos  |9 254999 
650 0 |a Democracia  |9 255256 
650 7 |a SISTEMAS POLITICOS  |2 CL-VaPUC  |9 380427 
650 0 |a Federalismo  |9 313886 
650 0 |a Socialismo  |9 255260 
650 0 |a Liderazgo  |9 271835 
650 7 |a ELECCIONES PARLAMENTARIAS  |2 CL-VaPUC  |9 380428 
583 |a last modification  |c 19970326 00:00:00  |k Rodrigo Vera 
999 |c 257093  |d 257091 
952 |0 0  |1 0  |4 0  |6 324_210000000000000_EPS_1980  |7 0  |8 A  |9 280337  |a BIBDER  |b BIBDER  |d 2019-11-19  |i 1813501  |o 324.21 EPS 1980  |p 1813501  |r 2023-01-25  |w 2019-11-19  |y BK  |k DER